MARC details
| 000 -LEADER |
| fixed length control field |
03464nam a22007457u 4500 |
| 001 - CONTROL NUMBER |
| control field |
pwiiw4235 |
| 003 - CONTROL NUMBER IDENTIFIER |
| control field |
OSt |
| 005 - DATE AND TIME OF LATEST TRANSACTION |
| control field |
20260516120049.0 |
| 008 - FIXED-LENGTH DATA ELEMENTS--GENERAL INFORMATION |
| fixed length control field |
170629t2017 au ||||| |||||||| ||ger d |
| 040 ## - CATALOGING SOURCE |
| Transcribing agency |
OSt |
| 041 ## - LANGUAGE CODE |
| Language code of text/sound track or separate title |
ger |
| 084 ## - OTHER CLASSIFICATION NUMBER |
| Classification number |
E20 |
| -- |
E66 |
| -- |
O52 |
| -- |
O57 |
| -- |
P24 |
| -- |
P27 |
| -- |
P33 |
| -- |
P52 |
| Number source |
jelc |
| 100 1# - MAIN ENTRY--PERSONAL NAME |
| Personal name |
Grübler, Julia |
| 245 10 - TITLE STATEMENT |
| Title |
Wirtschaftliche Konvergenz trotz politischer Unsicherheit |
| 260 ## - PUBLICATION, DISTRIBUTION, ETC. |
| Place of publication, distribution, etc. |
Wien : |
| Name of publisher, distributor, etc. |
Wiener Institut für Internationale Wirtschaftsvergleiche (wiiw), |
| Date of publication, distribution, etc. |
2017. |
| 300 ## - PHYSICAL DESCRIPTION |
| Extent |
85 S., |
| Other physical details |
103 Tables and 17 Figures, |
| Dimensions |
30cm. |
| 490 1# - SERIES STATEMENT |
| Series statement |
wiiw Research Reports in German Language |
| Volume/sequential designation |
7 |
| 520 ## - SUMMARY, ETC. |
| Summary, etc. |
Zusammenfassung<br/><br/>Wirtschaftliche Konvergenz trotz politischer Unsicherheit<br/><br/>Das internationale Umfeld für die Wirtschaft der mittel-, ost- und südosteuropäischen Länder (MOSOEL) präsentiert sich als Kontrast zwischen wirtschaftlichem Aufschwung einerseits sowie politischer Unsicherheit und geopolitischen Spannungen andererseits. Kurzfristig setzen sich die positiven Effekte der wirtschaftlichen Erholung im Euroraum und der damit verbundenen Exporte, sowie des relativ niedrigen Ölpreises gegen mögliche negative Effekte politischer Turbulenzen durch. Gegenüber der wiiw-Frühjahrsprognose wurden die Wachstumsprognosen für die MOSOEL größtenteils nach oben auf 2,4% für das laufende Jahr und 2,6% für das Jahr 2018 korrigiert.<br/><br/> <br/><br/>English Summary<br/><br/>Economic convergence despite political uncertainty<br/><br/>The international environment for the economies in Central, East and Southeast Europe (CESEE) is characterised by a contrast between economic upswing, on the one hand, and political uncertainty and geopolitical tensions, on the other hand. In the short term, positive effects of the economic recovery in the euro area and related exports, as well as of the relatively low oil price are prevailing over potential negative effects of political turmoil. Compared with the wiiw Spring Forecast, growth projections for the CESEE region were for the most part revised upwards, to 2.4% and 2.6% for the years 2017 and 2018, respectively.<br/> |
| 650 ## - SUBJECT ADDED ENTRY--TOPICAL TERM |
| Topical term or geographic name entry element |
Konjunkturprognose |
| 650 ## - SUBJECT ADDED ENTRY--TOPICAL TERM |
| Topical term or geographic name entry element |
Mittelosteuropa |
| 650 ## - SUBJECT ADDED ENTRY--TOPICAL TERM |
| Topical term or geographic name entry element |
Westbalkan |
| 650 ## - SUBJECT ADDED ENTRY--TOPICAL TERM |
| Topical term or geographic name entry element |
Österreich |
| 650 ## - SUBJECT ADDED ENTRY--TOPICAL TERM |
| Topical term or geographic name entry element |
MOSOEL |
| 650 ## - SUBJECT ADDED ENTRY--TOPICAL TERM |
| Topical term or geographic name entry element |
Internationaler Handel |
| 650 ## - SUBJECT ADDED ENTRY--TOPICAL TERM |
| Topical term or geographic name entry element |
Investitionen |
| 650 ## - SUBJECT ADDED ENTRY--TOPICAL TERM |
| Topical term or geographic name entry element |
Migration |
| 650 ## - SUBJECT ADDED ENTRY--TOPICAL TERM |
| Topical term or geographic name entry element |
Economic Forecast |
| 650 ## - SUBJECT ADDED ENTRY--TOPICAL TERM |
| Topical term or geographic name entry element |
Central and Eastern Europe |
| 650 ## - SUBJECT ADDED ENTRY--TOPICAL TERM |
| Topical term or geographic name entry element |
Western Balkans |
| 650 ## - SUBJECT ADDED ENTRY--TOPICAL TERM |
| Topical term or geographic name entry element |
Austria |
| 650 ## - SUBJECT ADDED ENTRY--TOPICAL TERM |
| Topical term or geographic name entry element |
CESEE |
| 650 ## - SUBJECT ADDED ENTRY--TOPICAL TERM |
| Topical term or geographic name entry element |
International Trade |
| 650 ## - SUBJECT ADDED ENTRY--TOPICAL TERM |
| Topical term or geographic name entry element |
Investment |
| 650 ## - SUBJECT ADDED ENTRY--TOPICAL TERM |
| Topical term or geographic name entry element |
Migration |
| 651 ## - SUBJECT ADDED ENTRY--GEOGRAPHIC NAME |
| Geographic name |
Albania |
| 651 ## - SUBJECT ADDED ENTRY--GEOGRAPHIC NAME |
| Geographic name |
Austria |
| 651 ## - SUBJECT ADDED ENTRY--GEOGRAPHIC NAME |
| Geographic name |
Belarus |
| 651 ## - SUBJECT ADDED ENTRY--GEOGRAPHIC NAME |
| Geographic name |
Bosnia and Herzegovina |
| 651 ## - SUBJECT ADDED ENTRY--GEOGRAPHIC NAME |
| Geographic name |
Bulgaria |
| 651 ## - SUBJECT ADDED ENTRY--GEOGRAPHIC NAME |
| Geographic name |
Croatia |
| 651 ## - SUBJECT ADDED ENTRY--GEOGRAPHIC NAME |
| Geographic name |
Czechia |
| 651 ## - SUBJECT ADDED ENTRY--GEOGRAPHIC NAME |
| Geographic name |
Estonia |
| 651 ## - SUBJECT ADDED ENTRY--GEOGRAPHIC NAME |
| Geographic name |
European Union |
| 651 ## - SUBJECT ADDED ENTRY--GEOGRAPHIC NAME |
| Geographic name |
Hungary |
| 651 ## - SUBJECT ADDED ENTRY--GEOGRAPHIC NAME |
| Geographic name |
Kazakhstan |
| 651 ## - SUBJECT ADDED ENTRY--GEOGRAPHIC NAME |
| Geographic name |
Kosovo |
| 651 ## - SUBJECT ADDED ENTRY--GEOGRAPHIC NAME |
| Geographic name |
Latvia |
| 651 ## - SUBJECT ADDED ENTRY--GEOGRAPHIC NAME |
| Geographic name |
Lithuania |
| 651 ## - SUBJECT ADDED ENTRY--GEOGRAPHIC NAME |
| Geographic name |
North Macedonia |
| 651 ## - SUBJECT ADDED ENTRY--GEOGRAPHIC NAME |
| Geographic name |
Montenegro |
| 651 ## - SUBJECT ADDED ENTRY--GEOGRAPHIC NAME |
| Geographic name |
Poland |
| 651 ## - SUBJECT ADDED ENTRY--GEOGRAPHIC NAME |
| Geographic name |
Romania |
| 651 ## - SUBJECT ADDED ENTRY--GEOGRAPHIC NAME |
| Geographic name |
Russia |
| 651 ## - SUBJECT ADDED ENTRY--GEOGRAPHIC NAME |
| Geographic name |
Serbia |
| 651 ## - SUBJECT ADDED ENTRY--GEOGRAPHIC NAME |
| Geographic name |
Slovakia |
| 651 ## - SUBJECT ADDED ENTRY--GEOGRAPHIC NAME |
| Geographic name |
Slovenia |
| 651 ## - SUBJECT ADDED ENTRY--GEOGRAPHIC NAME |
| Geographic name |
Turkey |
| 651 ## - SUBJECT ADDED ENTRY--GEOGRAPHIC NAME |
| Geographic name |
Ukraine |
| 690 ## - LOCAL SUBJECT ADDED ENTRY--TOPICAL TERM (OCLC, RLIN) |
| Topical term or geographic name as entry element |
Macroeconomic Analysis and Policy |
| 690 ## - LOCAL SUBJECT ADDED ENTRY--TOPICAL TERM (OCLC, RLIN) |
| Topical term or geographic name as entry element |
Labour, Migration and Income Distribution |
| 690 ## - LOCAL SUBJECT ADDED ENTRY--TOPICAL TERM (OCLC, RLIN) |
| Topical term or geographic name as entry element |
International Trade, Competitiveness and FDI |
| 830 #0 - SERIES ADDED ENTRY--UNIFORM TITLE |
| Volume/sequential designation |
7 |
| Bibliographic record control number |
WIIW0000108 |
| Title of a work |
wiiw Research Reports in German Language |
| 856 40 - ELECTRONIC LOCATION AND ACCESS |
| Uniform Resource Identifier |
<a href="https://wiiw.ac.at/p-4235.html">https://wiiw.ac.at/p-4235.html</a> |
| 942 ## - ADDED ENTRY ELEMENTS (KOHA) |
| Koha item type |
Paper |